Представление документа в формате RUSMARC

ПолеНазваниеЗначение
  Тип записи a
  Библиографический уровень a
001 Контрольный номер UONB/MAIN/0909efeee1fe475180fa2750581807f9
005 Дата корректировки 20260409171455.7
100 Данные общей обработки __
a Данные общей обработки 20260326 ||| 0rusy0189 ca
101 Язык документа 0_
a Язык текста rus
102 Страна публикации __
a Страна публикации RU
200 Заглавие и сведения об ответственности 1_
a Заглавие Чему учит псевдонаука родология?
f Первые сведения об ответственности священник Валерий Духанин
203 Вид содержания и тип средства __
a Вид содержания Текст
c Тип средства непосредственный
225 Серия 1_
a Серия Домашняя церковь
330 Аннотация __
a Аннотация "Весьма модным в наши дни эзотерическим направлением является так называемая родология. Людей подкупает как бы новизна и наукообразие термина. А вдруг и правда здесь преподается наука о роде? Вдруг это поможет решить проблемы личного характера? Что же представляет собой данное эзотерическое направление? Родология — это псевдонаучная концепция, которая говорит о том, что события из жизни наших прадедов программируют нас на повторение того же самого."
461 Уровень набора _0
1 2000
a Москва
1 011
a 0131-2332
463 Уровень физической единицы _0
1 2000
a № 2
v С. 239-240
1 2101
d 2026
1 001UONB/MAIN/6e50f35d945c4039a2380f28b38a9ca7
606 Тематические рубрики 0_
a Основная рубрика Религия. Мистика. Свободомыслие
606 Тематические рубрики 0_
a Основная рубрика Православие
610 Ключевые слова 0_
a Ключевые слова родология
610 Ключевые слова 0_
a Ключевые слова эзотерические направления
610 Ключевые слова 0_
a Ключевые слова духовные законы
610 Ключевые слова 0_
a Ключевые слова псевдонаучные концепции
686 Индексы других классификаций __
2 Код системы rubbk
700 Автор _1
a Фамилия Духанин
b Имя (инициалы) В.
g Полное личное имя Валерий
4 Код отношения 070
c Титул (звания) священник
801 Источник записи _0
a Страна RU
b Организация Ульяновская ОНБ
c Дата составления 20260326
g Правила каталогизации RCR
801 Источник записи _1
a Страна RU
b Организация Ульяновская ОНБ
c Дата составления 20260326
g Правила каталогизации RCR
901 Тип документа __
t Тип документа b
w Контрольный № источника UONB/MAIN/6e50f35d945c4039a2380f28b38a9ca7